Statistics for Ireland... Or Northern Ireland?

Click here to take the quiz!

General Stats

  • This quiz has been taken 227 times
  • The average score is 11 of 15

Answer Stats

QuestionAnswer% Correct
The Queen is Head of StateNorthern Ireland
97%
Its currency is the EuroIreland
96%
Won the Eurovision Song Contest 7 timesIreland
95%
Derry is a part of itNorthern Ireland
88%
The Giant's Causeway is located hereNorthern Ireland
88%
The Liffey flows through itIreland
81%
Got independent in 1921Ireland
79%
Liam Neeson was born hereNorthern Ireland
78%
Its capital city is also called Baile Átha CliathIreland
76%
Has ten million tourists per yearIreland
69%
Four games of the UEFA Euro 2020 will be held thereIreland
67%
Has a higher population densityNorthern Ireland
58%
Ulster is a part of itBoth
55%
Irish is an official languageBoth
34%
Qualified for the Round of 16 in the UEFA Euro 2016, was knocked out directly afterBoth
18%

Score Distribution

Percentile by Number Answered

Percent of People with Each Score

Your Score History

You have not taken this quiz